000 00258nam a2200109Ia 4500
008 240625s9999 xx 000 0 und d
041 _aeng
082 _a519.5 BER
100 _aBERENSON MARK L
245 _aBUSINESS STATISTICS A FIRST COURSE
260 _c2011
999 _c35162
_d35162